102 Babynamen der Woche 33/25' - Statistiken

Allgemein
  • Dieses Quiz wurde 6 mal gespielt
  • Das Durchschnittsergebnis liegt bei 38 aus 102
Antwortstatistiken
📍 Vorname % Korrekt
A.t.n..s ♂️ Antonius
83%
Em.l.a ♀️ Emilia
83%
Em.l.o ♂️ Emilio
83%
Gu.t.v ♂️ Gustav
83%
J.h.n..s ♂️ Johannes
83%
Am.l.a ♀️ Amelia
67%
Be.j.m.n ♂️ Benjamin
67%
Ca.l ♂️ Carl
67%
El.s.a ♀️ Elissa
67%
El.a ♀️ Ella
67%
He.w.g ♀️ Hedwig
67%
J.n ♂️ Jan
67%
J.y ♂️ Jay
67%
J.d..h ♀️ Judith
67%
J.l..s ♂️ Julius
67%
M.e ♀️ Mae
67%
M.r.a ♀️ Maria
67%
M.r.e ♀️ Marie
67%
M.r..m ♀️ Miriam
67%
P.w.l ♂️ Pawel
67%
A.i.a ♀️ Alina
50%
A.w.n ♀️ Arwen
50%
B.d.y ♂️ Buddy
50%
El.b..h ♀️ Elsbeth
50%
Em.a ♀️ Emma
50%
F.y.n ♂️ Flynn
50%
Ge.r.t ♂️ Gerrit
50%
G.e.a ♀️ Greta
50%
H.n.y ♂️ Henry
50%
J.c.s.n ♂️ Jackson
50%
Ja.d.n ♂️ Jayden
50%
Ju.t.s ♂️ Justus
50%
K.t.e ♀️ Käthe
50%
K.a.s ♂️ Klaus
50%
L. ♀️ Lu
50%
Ma.k.s ♂️ Markus
50%
M.t..o ♂️ Matteo
50%
M.h.m.d ♂️ Mohamed
50%
Ne.l ♂️ Neel
50%
N.c.l.t.a ♀️ Nicoletta
50%
R.f..l ♂️ Rafael
50%
R.x.e ♀️ Roxie
50%
S.p..a ♀️ Sophia
50%
Vi.t.r ♂️ Viktor
50%
Ad.l.y.n ♂️ Adeliyan
33%
A.r.e..e ♀️ Aurielle
33%
A.i ♂️ Avi
33%
A.i.l ♂️ Aviel
33%
C.r.s.o ♂️ Christo
33%
D.m.r ♂️ Damir
33%
De.n ♂️ Dean
33%
D.a ♀️ Dua
33%
F.d.l..s ♂️ Fidelius
33%
F.i.a ♀️ Frida
33%
F.i..i ♀️ Fritzi
33%
K.l.n.a ♀️ Kalenia
33%
Ke.d.i.k ♂️ Kendrick
33%
L.u.a ♀️ Laura
33%
Le.n ♂️ Leon
33%
Le.n.e ♀️ Leonie
33%
Lu.a ♂️ Luca
33%
L.c.e..e ♀️ Lucienne
33%
Ma.l.s ♀️ Maylis
33%
M.c.h ♂️ Micah
33%
M.q..l ♂️ Miquel
33%
N.v.n ♀️ Nevin
33%
S.m..n ♂️ Simeon
33%
S.n.a ♀️ Sonja
33%
S.e..a ♀️ Stella
33%
Ti.l ♂️ Till
33%
T.i.t.n ♂️ Tristan
33%
Y.n.s ♂️ Yanis
33%
Ai.o ♂️ Aiko
17%
A.m.d..a ♀️ Almedina
17%
A.a.i ♂️ Amari
17%
C.s.i.n ♂️ Cassian
17%
C.a..e ♀️ Claire
17%
Da.y ♀️ Dany
17%
He.i ♀️ Hedi
17%
J.n..r ♂️ Junior
17%
L.r.m ♂️ Lirim
17%
L.r.s ♂️ Loris
17%
L.p..a ♀️ Lupita
17%
Ot.m.r ♂️ Ottmar
17%
V.e..e ♀️ Veerle
17%
As.n ♂️ Asen
0%
Br.a.a ♀️ Briana
0%
C.l.s.e ♀️ Celeste
0%
F.l..e ♂️ Felipe
0%
F.n.l.a ♀️ Fenella
0%
Ha.v.r ♂️ Halvar
0%
I.r.n ♂️ Imron
0%
J.l.e ♂️ Jelde
0%
J.r.n.e ♀️ Jorinde
0%
K.y..o ♂️ Kiyano
0%
Mu.t..a ♂️ Mustafa
0%
Ni.n.e ♀️ Nienke
0%
Pr.n.e ♂️ Prince
0%
R.m..l ♂️ Ramiel
0%
S.m.a ♂️ Samba
0%
Ta.a ♀️ Tala
0%
We.t.n ♂️ Weston
0%
Keine übereinstimmenden Quizze gefunden
Verteilung der Resultate
Anzahl Personen mit jedem Resultat
Perzentil nach korrekt beantworteten Fragen
Ihre Resultats-Entwicklung
Sie haben dieses Quiz noch nicht gespielt